| 000 | 00785nam a22002297a 4500 | ||
|---|---|---|---|
| 005 | 20170124105930.0 | ||
| 010 | _aB-166987 | ||
| 020 |
_c680.00 _a780761933922 |
||
| 035 | _aB-166987 | ||
| 037 | _bCen Lib/Ret | ||
| 040 |
_aDPL _bEN |
||
| 082 |
_a352.280954 _bADM |
||
| 245 |
_aAdministarive reforms : _cedited by Amita Singh _btowards sustainable practices / |
||
| 260 |
_aNew Delhi _bSage Publications _c2005 |
||
| 270 |
_aB-42, pachsheel enclave _bNew Delhi _e110017 |
||
| 300 |
_a319p. _c20cm(Hb) |
||
| 500 | _aIncludes bibliographical references and index | ||
| 650 |
_aAdministrative agencies--India _916389 |
||
| 650 |
_aOrganizational changes--Case studies--India _973358 |
||
| 700 |
_aSingh, Amita _918161 |
||
| 942 |
_2ddc _cEN _h352.280954 _mADM |
||
| 999 |
_c123777 _d123777 |
||